[Event "GER MS-234 email"]
[Site "GER email"]
[Date "2016.01.16"]
[Round "?"]
[White "Eglseder, Gottfried"]
[Black "Fabig, Holger"]
[Result "0-1"]
[WhiteElo "2077"]
[BlackElo "2048"]
[PlyCount "50"]
[EventDate "2016.01.20"]
[EventType "tourn (corr)"]
[EventRounds "6"]
[EventCountry "GER"]
[SourceTitle "Corr 2020"]
[Source "ChessBase"]
[SourceDate "2019.09.30"]
[SourceVersion "1"]
[SourceVersionDate "2019.09.30"]
[SourceQuality "1"]

1. d4 f5 2. Nf3 Nf6 3. c4 e6 4. g3 Bb4+ 5. Bd2 Bxd2+ 6. Qxd2 b6 7. Bg2 Bb7 8. 0-0 Qe7 9. Nc3 0-0 10. d5 Na6 11. Nd4 Nc5 12. Rad1 a6 13. Qf4 Rac8 14. dxe6 dxe6 15. Bxb7 Nxb7 16. e4 Rce8 17. e5 Ng4 18. h3 Nh6 19. Nf3 Nf7 20. b3 c5 21. Qe3 Qc7 22. Rfe1 Na5 23. Nh2 Rd8 24. f4 Nc6 25. Nf3 g5 0-1

[Event "GER MS-234 email"]
[Site "GER email"]
[Date "2016.01.16"]
[Round "?"]
[White "Eglseder, Gottfried"]
[Black "Packroff, Hermann"]
[Result "1/2-1/2"]
[WhiteElo "2077"]
[BlackElo "2034"]
[PlyCount "40"]
[EventDate "2016.01.20"]
[EventType "tourn (corr)"]
[EventRounds "6"]
[EventCountry "GER"]
[SourceTitle "Corr 2020"]
[Source "ChessBase"]
[SourceDate "2019.09.30"]
[SourceVersion "1"]
[SourceVersionDate "2019.09.30"]
[SourceQuality "1"]

1. d4 Nf6 2. Nf3 e6 3. e3 b6 4. Bd3 Bb7 5. 0-0 d5 6. b3 c5 7. Bb2 cxd4 8. exd4 Bd6 9. Nbd2 0-0 10. Qe2 Nc6 11. a3 Rc8 12. Ne5 a5 13. f4 Ne7 14. Rf3 g6 15. Rh3 h5 16. Rf1 Nf5 17. c3 Qe7 18. Ra1 Kg7 19. a4 Rc7 20. Re1 Rh8 1/2-1/2

[Event "Bad Woerishofen Seniors op 28th"]
[Site "Bad Woerishofen"]
[Date "2012.03.09"]
[Round "8.30"]
[White "Neumann, Erwin"]
[Black "Eglseder, Gottfried"]
[Result "0-1"]
[WhiteElo "1762"]
[BlackElo "1651"]
[PlyCount "70"]
[EventDate "2012.03.02"]
[EventType "swiss"]
[EventRounds "9"]
[EventCountry "GER"]
[SourceTitle "EXT 2022"]
[Source "ChessBase"]
[SourceDate "2021.10.06"]
[SourceVersion "1"]
[SourceVersionDate "2021.10.06"]
[SourceQuality "1"]

1. e4 c6 2. Nc3 d5 3. Nf3 d4 4. Ne2 c5 5. c3 Nc6 6. d3 Bg4 7. Ng3 e5 8. h3 Bxf3 9. Qxf3 g6 10. Be2 Qf6 11. Qxf6 Nxf6 12. f4 h5 13. fxe5 Nxe5 14. 0-0 Bg7 15. Bf4 Nfd7 16. cxd4 cxd4 17. Rac1 0-0 18. Rc7 b6 19. Nh1 Nc5 20. Nf2 Ne6 21. Bxe5 Bxe5 22. Rc2 Bf4 23. Nd1 Rfc8 24. Rxc8+ Rxc8 25. Rf3 Rc2 26. Kf1 h4 27. Rf2 Bg3 28. Rf6 Kg7 29. Rxe6 fxe6 30. a3 Kf6 31. b3 a5 32. Nf2 Rc1+ 33. Nd1 Rb1 34. b4 axb4 35. axb4 Rxb4 0-1

[Event "Bad Woerishofen Seniors op 28th"]
[Site "Bad Woerishofen"]
[Date "2012.03.08"]
[Round "7.44"]
[White "Eglseder, Gottfried"]
[Black "Van Houten, Henk"]
[Result "1-0"]
[WhiteElo "1651"]
[BlackElo "1514"]
[PlyCount "79"]
[EventDate "2012.03.02"]
[EventType "swiss"]
[EventRounds "9"]
[EventCountry "GER"]
[SourceTitle "EXT 2022"]
[Source "ChessBase"]
[SourceDate "2021.10.06"]
[SourceVersion "1"]
[SourceVersionDate "2021.10.06"]
[SourceQuality "1"]

1. d4 d5 2. Nf3 Nf6 3. e3 e6 4. Bd3 Be7 5. Nbd2 0-0 6. 0-0 Nbd7 7. c3 Re8 8. Re1 c6 9. e4 dxe4 10. Nxe4 Nxe4 11. Bxe4 Nf8 12. Bf4 Bd6 13. Qd2 Qc7 14. Be5 Bxe5 15. dxe5 Bd7 16. Qf4 f5 17. Bc2 Re7 18. Bb3 Kh8 19. Rad1 Be8 20. Rd6 c5 21. Ng5 Bd7 22. Qh4 Rae8 23. Red1 h6 24. Qh5 c4 25. Bc2 Kg8 26. Nf3 Bc6 27. Nd4 Bd7 28. Nf3 g6 29. Qxh6 Rh7 30. Qe3 b6 31. Nd4 Ree7 32. Rd2 Ref7 33. Qf4 Rh5 34. Nf3 Nh7 35. h4 Bc6 36. Bd1 Bxf3 37. Bxf3 g5 38. Bxh5 gxf4 39. Bxf7+ Kg7 40. Bxe6 1-0

[Event "Bad Woerishofen Seniors op 28th"]
[Site "Bad Woerishofen"]
[Date "2012.03.06"]
[Round "5.47"]
[White "Eglseder, Gottfried"]
[Black "Aufmwasser, Guenter"]
[Result "1/2-1/2"]
[WhiteElo "1651"]
[BlackElo "1563"]
[PlyCount "63"]
[EventDate "2012.03.02"]
[EventType "swiss"]
[EventRounds "9"]
[EventCountry "GER"]
[SourceTitle "EXT 2022"]
[Source "ChessBase"]
[SourceDate "2021.10.06"]
[SourceVersion "1"]
[SourceVersionDate "2021.10.06"]
[SourceQuality "1"]

1. Nf3 f5 2. d4 Nf6 3. c4 e6 4. g3 c6 5. Bg2 d5 6. 0-0 Bd6 7. b3 0-0 8. Ba3 Ne4 9. Bxd6 Qxd6 10. Ne5 Nd7 11. f4 Qe7 12. c5 Nxe5 13. fxe5 b6 14. b4 bxc5 15. bxc5 Rb8 16. Qc1 Ba6 17. Re1 Rb7 18. Nc3 Nxc3 19. Qxc3 Rfb8 20. e3 Rb2 21. Bf1 Bxf1 22. Rxf1 Qg5 23. Rf2 R2b7 24. Qd3 h5 25. Rf4 Qd8 26. Qa6 g5 27. Rff1 Rc7 28. Qe2 g4 29. Qd3 Rb2 30. Rf2 Rxf2 31. Kxf2 Rb7 32. Kg1 1/2-1/2

[Event "Bad Woerishofen Seniors op 28th"]
[Site "Bad Woerishofen"]
[Date "2012.03.04"]
[Round "3.51"]
[White "Eglseder, Gottfried"]
[Black "Girod, Gudrun"]
[Result "1-0"]
[WhiteElo "1651"]
[BlackElo "1342"]
[PlyCount "39"]
[EventDate "2012.03.02"]
[EventType "swiss"]
[EventRounds "9"]
[EventCountry "GER"]
[SourceTitle "EXT 2022"]
[Source "ChessBase"]
[SourceDate "2021.10.06"]
[SourceVersion "1"]
[SourceVersionDate "2021.10.06"]
[SourceQuality "1"]

1. d4 d5 2. c4 e6 3. Nf3 Nf6 4. e3 Bb4+ 5. Bd2 Bxd2+ 6. Nbxd2 0-0 7. Bd3 c6 8. 0-0 h6 9. Ne5 Nbd7 10. f4 dxc4 11. Ndxc4 Nxe5 12. fxe5 Nd5 13. Qe2 f5 14. exf6 Nxf6 15. Rad1 Bd7 16. Ne5 Be8 17. Bb1 Bh5 18. g4 Bf7 19. Qd3 Qe8 20. Rxf6 1-0

[Event "Bad Woerishofen Seniors op 28th"]
[Site "Bad Woerishofen"]
[Date "2012.03.02"]
[Round "1.20"]
[White "Eglseder, Gottfried"]
[Black "Dahlhaus, Friedhelm"]
[Result "1/2-1/2"]
[WhiteElo "1651"]
[BlackElo "1977"]
[PlyCount "51"]
[EventDate "2012.03.02"]
[EventType "swiss"]
[EventRounds "9"]
[EventCountry "GER"]
[SourceTitle "EXT 2022"]
[Source "ChessBase"]
[SourceDate "2021.10.06"]
[SourceVersion "1"]
[SourceVersionDate "2021.10.06"]
[SourceQuality "1"]

1. d4 Nf6 2. c4 e6 3. Nf3 b6 4. e3 Bb7 5. Bd3 c5 6. 0-0 Be7 7. Nc3 0-0 8. a3 d5 9. b3 Nbd7 10. Bb2 Ne4 11. Ne5 cxd4 12. exd4 Rc8 13. Rc1 Nxc3 14. Rxc3 dxc4 15. Bxc4 Nxe5 16. dxe5 Qxd1 17. Rxd1 Rfd8 18. Rcd3 Rxd3 19. Bxd3 Bd5 20. b4 Bc6 21. f3 a5 22. bxa5 Bc5+ 23. Kf1 bxa5 24. Ke2 Kf8 25. Bc4 Ke7 26. Bc3 1/2-1/2

[Event "GER-ch53 final email"]
[Site "GER email"]
[Date "2010.04.05"]
[Round "?"]
[White "Eglseder, Gottfried"]
[Black "Dorer, Manfred"]
[Result "1/2-1/2"]
[WhiteElo "2079"]
[BlackElo "2197"]
[PlyCount "72"]
[EventDate "2010.04.12"]
[EventType "tourn (corr)"]
[EventRounds "10"]
[EventCountry "GER"]
[SourceTitle "Corr 2013"]
[Source "ChessBase"]
[SourceDate "2012.11.12"]
[SourceVersion "1"]
[SourceVersionDate "2012.11.12"]
[SourceQuality "1"]

1. d4 f5 2. Nf3 Nf6 3. g3 g6 4. Bg2 Bg7 5. 0-0 0-0 6. c4 d6 7. Nc3 Qe8 8. d5 Na6 9. Rb1 Nc5 10. Ng5 a5 11. Be3 e5 12. dxe6 h6 13. Nh3 Bxe6 14. Bxc5 dxc5 15. Nf4 Bxc4 16. Bxb7 Rd8 17. Qc2 g5 18. Ng2 Ng4 19. Rfd1 Rxd1+ 20. Rxd1 c6 21. Qa4 Bd5 22. Nxd5 Qxe2 23. Rf1 cxd5 24. Bxd5+ Kh8 25. h3 Nf6 26. Bc6 Qh5 27. h4 f4 28. Qxa5 f3 29. Qxc5 fxg2 30. Kxg2 gxh4 31. Qxh5 Nxh5 32. Rh1 Rc8 33. Bf3 Nf6 34. Rxh4 Rc2 35. a4 Rxb2 36. Rc4 Kh7 1/2-1/2

[Event "GER-ch53 final email"]
[Site "GER email"]
[Date "2010.04.05"]
[Round "?"]
[White "Eglseder, Gottfried"]
[Black "Wuttke, Johannes"]
[Result "1/2-1/2"]
[WhiteElo "2079"]
[BlackElo "2049"]
[PlyCount "37"]
[EventDate "2010.04.12"]
[EventType "tourn (corr)"]
[EventRounds "10"]
[EventCountry "GER"]
[SourceTitle "Corr 2013"]
[Source "ChessBase"]
[SourceDate "2012.11.12"]
[SourceVersion "1"]
[SourceVersionDate "2012.11.12"]
[SourceQuality "1"]

1. d4 Nf6 2. Nf3 e6 3. e3 b6 4. Bd3 Bb7 5. 0-0 d5 6. Ne5 Nbd7 7. f4 g6 8. b3 Bg7 9. Nd2 c5 10. Bb2 0-0 11. Qf3 Rc8 12. a4 Qc7 13. Qh3 Ne4 14. Nxe4 dxe4 15. Bb5 Nxe5 16. dxe5 Rfd8 17. Rfd1 Bc6 18. Ba6 Bb7 19. Bc4 1/2-1/2

[Event "GER-ch53 final email"]
[Site "GER email"]
[Date "2010.04.05"]
[Round "?"]
[White "Opitz, Peter"]
[Black "Eglseder, Gottfried"]
[Result "1/2-1/2"]
[WhiteElo "2025"]
[BlackElo "2079"]
[PlyCount "75"]
[EventDate "2010.04.12"]
[EventType "tourn (corr)"]
[EventRounds "10"]
[EventCountry "GER"]
[SourceTitle "Corr 2013"]
[Source "ChessBase"]
[SourceDate "2012.11.12"]
[SourceVersion "1"]
[SourceVersionDate "2012.11.12"]
[SourceQuality "1"]

1. c4 c6 2. Nf3 d5 3. e3 Nf6 4. Nc3 g6 5. b3 Bg7 6. Bb2 0-0 7. Be2 Bg4 8. 0-0 Ne4 9. Qc2 Nxc3 10. Bxc3 e5 11. d3 Re8 12. h3 Bf5 13. e4 d4 14. Bxd4 Bxe4 15. Bc3 Bf5 16. Qb2 Qe7 17. b4 Nd7 18. Rad1 b5 19. Rfe1 Nb6 20. Qb3 Rad8 21. Bf1 Qc7 22. Ng5 h6 23. Ne4 Na4 24. Bd2 Be6 25. Qc2 a6 26. Be3 f5 27. Nc5 Nxc5 28. Bxc5 Kh7 29. a4 bxc4 30. dxc4 e4 31. a5 Rc8 32. Rd2 Be5 33. Red1 Bf6 34. g3 h5 35. h4 Qf7 36. Be3 Be5 37. Be2 Rb8 38. Qa4 1/2-1/2

[Event "GER-ch53 V06 email"]
[Site "GER email"]
[Date "2009.09.21"]
[Round "?"]
[White "Schneider, Hans Juergen"]
[Black "Eglseder, Gottfried"]
[Result "1/2-1/2"]
[WhiteElo "1928"]
[BlackElo "2108"]
[PlyCount "44"]
[EventDate "2009.10.12"]
[EventType "tourn (corr)"]
[EventRounds "6"]
[EventCountry "GER"]
[SourceTitle "Corr 2011"]
[Source "ChessBase"]
[SourceDate "2010.08.31"]
[SourceVersion "1"]
[SourceVersionDate "2010.08.31"]
[SourceQuality "1"]

1. e4 e5 2. Nf3 Nc6 3. Bb5 Nf6 4. d4 Nxd4 5. Nxd4 c6 6. Bc4 exd4 7. Qxd4 b5 8. Be2 d5 9. exd5 Qxd5 10. Qe3+ Be6 11. Nc3 Qc5 12. 0-0 0-0-0 13. Bf3 Kb7 14. Re1 Qxe3 15. Bxe3 Bg4 16. Bxg4 Nxg4 17. Bg5 f6 18. Bf4 g5 19. Bg3 h5 20. h4 Rd7 21. Rad1 Rhh7 22. Ne4 gxh4 1/2-1/2

[Event "GER-ch39 V03 email"]
[Site "GER email"]
[Date "2007.04.15"]
[Round "?"]
[White "Ax, Paul"]
[Black "Eglseder, Gottfried"]
[Result "1/2-1/2"]
[WhiteElo "2023"]
[BlackElo "2108"]
[PlyCount "55"]
[EventDate "2007.??.??"]
[EventType "tourn (corr)"]
[EventRounds "10"]
[EventCountry "GER"]
[SourceTitle "Corr 2011"]
[Source "ChessBase"]
[SourceDate "2010.08.31"]
[SourceVersion "1"]
[SourceVersionDate "2010.08.31"]
[SourceQuality "1"]

1. d4 d5 2. c4 c6 3. Nf3 Nf6 4. Nc3 dxc4 5. a4 Bf5 6. e3 e6 7. Bxc4 Bb4 8. 0-0 Nbd7 9. Qe2 Bg6 10. e4 0-0 11. e5 Nd5 12. Bd2 Qa5 13. Rfc1 Ne7 14. Ne4 Bxd2 15. Nfxd2 Qb4 16. Nf3 Rfd8 17. Bd3 Nf5 18. Rc4 Qe7 19. g4 Nh6 20. a5 Nxg4 21. a6 Nb6 22. axb7 Qxb7 23. Rc2 Nd5 24. Nd6 Bxd3 25. Qxd3 Qe7 26. Ra4 a5 27. Qe4 f5 28. Qe2 1/2-1/2

[Event "GER-ch39 V03 email"]
[Site "GER email"]
[Date "2007.04.15"]
[Round "?"]
[White "Seelig, Juergen"]
[Black "Eglseder, Gottfried"]
[Result "1-0"]
[WhiteElo "1998"]
[BlackElo "2105"]
[PlyCount "67"]
[EventDate "2007.??.??"]
[EventType "tourn (corr)"]
[EventRounds "10"]
[EventCountry "GER"]
[SourceTitle "Corr 2011"]
[Source "ChessBase"]
[SourceDate "2010.08.31"]
[SourceVersion "1"]
[SourceVersionDate "2010.08.31"]
[SourceQuality "1"]

1. e4 c6 2. d4 d5 3. exd5 cxd5 4. c4 Nf6 5. Nc3 e6 6. Nf3 Bb4 7. cxd5 Nxd5 8. Bd2 Nc6 9. Bd3 Be7 10. 0-0 0-0 11. a3 Bf6 12. Qc2 h6 13. Be3 Nce7 14. Ne4 b6 15. Rad1 Bb7 16. Ng3 Rc8 17. Qe2 Nxe3 18. fxe3 Nd5 19. Nh5 Bg5 20. Nxg5 Qxg5 21. Nf4 Nf6 22. e4 Rc7 23. Qe1 Rd8 24. h4 Qa5 25. Qg3 Re7 26. e5 Ne8 27. Nh5 Rc7 28. Rf4 f5 29. Qg6 Bd5 30. g4 Qa4 31. Rd2 Rc1+ 32. Bf1 Qb3 33. Kh2 Rdc8 34. gxf5 1-0

[Event "GER-ch38 V07 email"]
[Site "GER email"]
[Date "2007.01.28"]
[Round "?"]
[White "Eglseder, Gottfried"]
[Black "Jenull, Marco S"]
[Result "1/2-1/2"]
[WhiteElo "2107"]
[BlackElo "2007"]
[PlyCount "30"]
[EventDate "2007.??.??"]
[EventType "tourn (corr)"]
[EventRounds "8"]
[EventCountry "GER"]
[SourceTitle "Corr 2008"]
[Source "ChessBase"]
[SourceDate "2008.06.24"]
[SourceVersion "1"]
[SourceVersionDate "2008.06.24"]
[SourceQuality "1"]

1. d4 Nf6 2. Nf3 d5 3. e3 e6 4. Bd3 c5 5. c3 Nc6 6. Nbd2 Bd6 7. 0-0 0-0 8. dxc5 Bxc5 9. e4 Bb6 10. b3 Qc7 11. Ba3 Rd8 12. Qc2 h6 13. Rae1 dxe4 14. Nxe4 Nd5 15. Rd1 a6 1/2-1/2

[Event "GER-ch38 V07 email"]
[Site "GER email"]
[Date "2007.01.28"]
[Round "?"]
[White "Hahn, Werner"]
[Black "Eglseder, Gottfried"]
[Result "1/2-1/2"]
[WhiteElo "2081"]
[BlackElo "2107"]
[PlyCount "76"]
[EventDate "2007.??.??"]
[EventType "tourn (corr)"]
[EventRounds "8"]
[EventCountry "GER"]
[SourceTitle "Corr 2008"]
[Source "ChessBase"]
[SourceDate "2008.06.24"]
[SourceVersion "1"]
[SourceVersionDate "2008.06.24"]
[SourceQuality "1"]

1. d4 d5 2. c4 c6 3. Nf3 Nf6 4. Nc3 dxc4 5. a4 Bf5 6. Ne5 e6 7. f3 Bb4 8. Nxc4 Nd5 9. Bd2 Nb6 10. e4 Bg6 11. Qb3 a5 12. h4 h6 13. Be3 0-0 14. Ne5 Bh7 15. Nd3 Na6 16. g4 Qc7 17. g5 h5 18. Be2 Nd7 19. Nxb4 axb4 20. Nb1 c5 21. Qc4 Rfd8 22. Nd2 Nb6 23. Qc1 cxd4 24. Qxc7 Nxc7 25. Bf4 Ne8 26. a5 Nd7 27. Bb5 Nf8 28. Bg3 Nd6 29. Bd3 f6 30. Rg1 Kh8 31. Ke2 e5 32. Rgc1 Bg8 33. f4 exf4 34. Bxf4 Ng6 35. Bg3 f5 36. e5 Re8 37. Nf3 Ne4 38. Bxe4 fxe4 1/2-1/2

[Event "GER-ch37 V7 email"]
[Site "GER email"]
[Date "2006.10.18"]
[Round "?"]
[White "Kirwald, Franz"]
[Black "Eglseder, Gottfried"]
[Result "0-1"]
[WhiteElo "2044"]
[BlackElo "2076"]
[PlyCount "98"]
[EventDate "2006.??.??"]
[EventType "tourn (corr)"]
[EventRounds "10"]
[EventCountry "GER"]
[SourceTitle "Corr 2008"]
[Source "ChessBase"]
[SourceDate "2008.06.24"]
[SourceVersion "1"]
[SourceVersionDate "2008.06.24"]
[SourceQuality "1"]

1. e4 c6 2. d4 d5 3. Nc3 dxe4 4. Nxe4 Bf5 5. Ng3 Bg6 6. Nf3 Nf6 7. Bc4 e6 8. 0-0 Nbd7 9. Re1 Qc7 10. a4 Bd6 11. a5 0-0 12. Nh4 Rfd8 13. Nxg6 hxg6 14. Qe2 b5 15. Bd3 e5 16. c3 exd4 17. cxd4 Nf8 18. Qf3 Ne6 19. Rxe6 fxe6 20. Nf1 Bf8 21. Bf4 Qf7 22. Qxc6 Rac8 23. Qxb5 Rxd4 24. Be3 Rdd8 25. Be2 Nd5 26. Bg4 Nxe3 27. Nxe3 Kh7 28. Rf1 Qf6 29. Qe2 Bd6 30. g3 Bb4 31. Nc4 Rc5 32. a6 e5 33. Ra1 Rc7 34. b3 e4 35. Rf1 Re7 36. Qa2 Qg5 37. Qe2 Bc5 38. Kg2 Rd3 39. h4 Qf6 40. h5 gxh5 41. Bxh5 g6 42. Bg4 Rxb3 43. Qd1 Rd3 44. Qe2 Qd4 45. Na5 Qc3 46. Nb7 Bb6 47. Qe1 Rd2 48. Nd6 e3 49. Nc8 Rf7 0-1

[Event "GER-ch32 V04 email"]
[Site "GER email"]
[Date "2002.??.??"]
[Round "?"]
[White "Eglseder, Gottfried"]
[Black "Kruchem, Peter"]
[Result "1/2-1/2"]
[WhiteElo "2113"]
[BlackElo "2057"]
[PlyCount "68"]
[EventDate "2001.??.??"]
[EventType "tourn (corr)"]
[EventRounds "12"]
[EventCountry "GER"]
[SourceTitle "Corr 2011"]
[Source "ChessBase"]
[SourceDate "2010.08.31"]
[SourceVersion "1"]
[SourceVersionDate "2010.08.31"]
[SourceQuality "1"]

1. d4 f5 2. g3 Nf6 3. Bg2 g6 4. Nf3 Bg7 5. 0-0 0-0 6. c4 d6 7. Nc3 c6 8. b3 Na6 9. Bb2 Nc7 10. Qd3 b6 11. Rfe1 Ba6 12. e4 fxe4 13. Nxe4 Nxe4 14. Qxe4 b5 15. Nd2 Rf7 16. Qc2 bxc4 17. bxc4 d5 18. Rab1 Rb8 19. Red1 Qf8 20. f4 dxc4 21. Bxc6 Rf6 22. Be4 Qf7 23. d5 Rfb6 24. Nxc4 Bxc4 25. Qxc4 Bxb2 26. Qxc7 Bd4+ 27. Kf1 Rxb1 28. Bxb1 Rb2 29. Qc4 Be5 30. Bc2 Bd6 31. Rd2 Qf6 32. Kg2 Kg7 33. Re2 a5 34. Re6 Rb4 1/2-1/2